000
00288nam a22001217a 4500
999
_c
534345
_d
534345
040
_c
MSOHAIL
082
_2
297.124
100
_a
Dr. Anwar Ahmad
_9
28483
245
_a
Rajinder Singh Bedi ke Pandra Kahaniya
260
_a
Lahore
_b
Beacon Box
_c
c2009
300
_a
310;p
942
_2
ddc
_c
BK